000 00646nam a22001937a 4500
999 _c138549
_d138549
005 20230207152951.0
010 _aENG-117635
020 _a9788193340844
_c950.00
035 _aEN-101167
037 _bDABD/PUB
082 _a338.0951
245 _aChinese Goods :
_bIndia towards economic slavery ? /
_cedited by Archanay Rathore
260 _aGaziabad
_bKanhya Publisher
_c2017
270 _aRTB 158,Royal Tower, Shipra Suncity,Indirapuram
_bGaziabad
_e201010
300 _avii,256p.
_c22cm(pbk)
500 _aIncludes bibliographical references and index
700 _a Rathore,Archana
942 _2ddc
_cEN
_h338.0957
_mCHI